Anti- inflatorna očekivanja.
Protiinflačné opatrenia môžu byť účinné iba vtedy, keď sa podarí pravdivo charakterizovať inflačná klíma, t.j. aj očakávaný vývoj inflácie v najbližšom období. Údaje o príčinách a priebehu hyperinflácie v niektorých štátoch. Juhoslovanský protiinflačný program. Teoreticky o pohybe cien a o jeho možn...
Gespeichert in:
| 1. Verfasser: | |
|---|---|
| Format: | Buchkapitel |
| Sprache: | Serbisch |
| Schlagworte: | |
| Tags: |
Keine Tags, Fügen Sie das erste Tag hinzu!
|
MARC
| LEADER | 00000naa a2200000 4500 | ||
|---|---|---|---|
| 001 | r002295 | ||
| 005 | 20220819193653.8 | ||
| 041 | 0 | |a srp | |
| 044 | |a [YU] | ||
| 245 | 1 | 0 | |a Anti- inflatorna očekivanja. |c M. Jovanovic |
| 520 | |a Protiinflačné opatrenia môžu byť účinné iba vtedy, keď sa podarí pravdivo charakterizovať inflačná klíma, t.j. aj očakávaný vývoj inflácie v najbližšom období. Údaje o príčinách a priebehu hyperinflácie v niektorých štátoch. Juhoslovanský protiinflačný program. Teoreticky o pohybe cien a o jeho možnom predvídaní J.S. Flemming a ďalší autori. | ||
| 610 | 2 | 0 | |a inflácia |
| 610 | 2 | 0 | |a ceny |
| 610 | 2 | 0 | |a politika hospodárska |
| 610 | 2 | 0 | |a SFRJ |
| 100 | 1 | |a Jovanovic, M. | |